new zealand quiz - Statistics

General Stats
  • This quiz has been taken 19 times
  • The average score is 12 of 17
Answer Stats
questions Answer % Correct
what is the national bird kiwi
100%
what is New Zealand's capital ciy wellington
100%
what is New Zealand's largest city auckland
88%
what city is sitting on volcanoes Auckland
88%
in what city did two earthquake hit in 2010 and 2011 christchurch
88%
who is New Zealand's closest neighbour australia
81%
what is the national rugby team called all blacks
75%
what is the tallest mountain mt cook/Aoraki
75%
are we part of the commomwealth yes
75%
how many islands are there 3
69%
how many stars are on the flag 4
69%
what is the most popular sport rugby
69%
who discovered New Zealand abel tasman
56%
what is the most popular women sport netball
56%
who is the prime minister jacinda ardern
50%
what is the tallest building skytower
50%
who mapped New Zealand captain james cook
31%
No matching quizzes found
Score Distribution
Percent of People with Each Score
Percentile by Number Answered
Your Score History
You have not taken this quiz